书目信息 |
| 题名: |
记忆三秒教
|
|
| 作者: | 陈俊生 , 徐德才 著 | |
| 分册: | ||
| 出版信息: | 北京 中国友谊出版公司 2003.04 |
|
| 页数: | 183页 | |
| 开本: | 20cm | |
| 丛书名: | ||
| 单 册: | ||
| 中图分类: | B842.3 | |
| 科图分类: | ||
| 主题词: | 记忆术 | |
| 电子资源: | ||
| ISBN: | 7-5057-1890-8 | |
| 000 | 00826nam0 2200253 45 | |
| 001 | ZWTS00000209 | |
| 005 | 20060831085541.19 | |
| 010 | @a7-5057-1890-8@dCNY18.00 | |
| 100 | @a20060817d2003 ekmy0chiy0120 ea | |
| 101 | 0 | @achi |
| 102 | @aCN@b110000 | |
| 105 | @aa z 000yy | |
| 200 | 1 | @a记忆三秒教@AJi Yi San Miao Jiao@dMemory bank@f陈俊生,徐德才著@FChen Jun Sheng, Xu De Cai Zhu |
| 210 | @a北京@c中国友谊出版公司@d2003.04 | |
| 215 | @a183页@c图@d20cm@e光碟一张 | |
| 330 | @a本书告诉你如何将所记忆的事,在需要的时候,能够适时的回忆起来,并且达到一语中的、精确无误的效果。 | |
| 510 | 1 | @aMemory bank@zeng |
| 606 | 0 | @a记忆术 |
| 690 | @aB842.3@v4 | |
| 701 | 0 | @a陈俊生@AChen Jun Sheng@4著 |
| 701 | 0 | @a徐德才@AXu De Cai@4著 |
| 801 | 0 | @aCN@bBZT@c20060831 |
| 905 | @aBZT@dB842.3@e118 | |
| 906 | @dCNY18.00@n0@r1 | |
| 记忆三秒教=Memory bank/陈俊生,徐德才著.-北京:中国友谊出版公司,2003.04 |
| 183页:图;20cm+光碟一张 |
| ISBN 7-5057-1890-8:CNY18.00 |
| 本书告诉你如何将所记忆的事,在需要的时候,能够适时的回忆起来,并且达到一语中的、精确无误的效果。 |
| ● |
| 相关链接 |
|
|
|
正题名:记忆三秒教
索取号:B842.3/118
 
预约/预借
| 序号 | 登录号 | 条形码 | 馆藏地/架位号 | 状态 | 备注 |
| 1 | 452140 | 230066109 | 中心书库南/004架B面2层4列/ [索取号:B842.3/118] | 在馆 | |
| 2 | 452141 | 230066110 | 中心书库南/004架B面2层4列/ [索取号:B842.3/118] | 在馆 | |
| 3 | 452142 | 230066108 | 中心书库南/004架B面2层4列/ [索取号:B842.3/118] | 在馆 | |
| 4 | 452143 | 230066107 | 中心书库南/004架B面2层4列/ [索取号:B842.3/118] | 在馆 | |
| 5 | 452144 | 230066106 | 中心书库南/004架B面2层4列/ [索取号:B842.3/118] | 在馆 |